[Event "Moscow Open F Women"]
[Site "Moscow RUS"]
[Date "2011.01.30"]
[Round "2.8"]
[White "Pustovoitova, Daria"]
[Black "Korchagina, Viktoria"]
[Result "1-0"]
[WhiteTitle "FM"]
[BlackTitle "WFM"]
[WhiteElo "2331"]
[BlackElo "2086"]
[WhiteFideId "4182146"]
[BlackFideId "4197224"]
[EventDate "2011.01.29"]

1. d4 Nf6 2. c4 g6 3. g3 Bg7 4. Bg2 O-O 5. Nc3 d6 6. Nf3 Nbd7 7. O-O e5 8. e4 a6
9. Re1 exd4 10. Nxd4 Ng4 11. h3 Qf6 12. hxg4 Qxd4 13. Nd5 c6 14. Ne7+ Kh8 15.
Bf4 Qxc4 16. Qxd6 Qe6 17. Qxe6 fxe6 18. g5 Bxb2 19. Rab1 Bd4 20. Red1 c5 21. Bh3
e5 22. Bxd7 exf4 23. Nxc8 fxg3 24. Nb6 Rad8 25. Rxd4 gxf2+ 26. Kf1 cxd4 27. e5
Rxd7 28. Nxd7 Rf3 29. Rxb7 d3 30. Nf6 Rh3 31. e6 1-0

[Event "Moscow Open F Women"]
[Site "Moscow RUS"]
[Date "2011.01.30"]
[Round "2.9"]
[White "Charochkina, Daria"]
[Black "Kostrikina, Anna"]
[Result "1-0"]
[WhiteTitle "WIM"]
[BlackTitle "WFM"]
[WhiteElo "2314"]
[BlackElo "2079"]
[WhiteFideId "4180917"]
[BlackFideId "4176219"]
[EventDate "2011.01.29"]

1. d4 d5 2. c4 e6 3. Nc3 Nf6 4. cxd5 exd5 5. Bg5 c6 6. e3 Be7 7. Bd3 Nbd7 8. Qc2
O-O 9. Nf3 Re8 10. h3 Nf8 11. O-O-O Be6 12. Kb1 Rc8 13. Ne5 Ne4 14. Bxe4 dxe4
15. Bxe7 Qxe7 16. Nxe4 f6 17. Nc4 Bf5 18. f3 Rcd8 19. Ncd2 Bg6 20. g4 Ne6 21. h4
c5 22. h5 Bxe4 23. Nxe4 cxd4 24. exd4 Nxd4 25. Qc4+ Ne6 26. Rxd8 Qxd8 27. h6
gxh6 28. Qb3 Kg7 29. Rd1 Qc7 30. Nd6 Re7 31. Nf5+ 1-0

[Event "Moscow Open F Women"]
[Site "Moscow RUS"]
[Date "2011.01.30"]
[Round "2.10"]
[White "Khropova, Larisa"]
[Black "Severiukhina, Zoja"]
[Result "1-0"]
[WhiteTitle "WFM"]
[BlackTitle "WIM"]
[WhiteElo "2087"]
[BlackElo "2312"]
[WhiteFideId "4120841"]
[BlackFideId "24108065"]
[EventDate "2011.01.29"]

1. d4 Nf6 2. c4 g6 3. Nc3 Bg7 4. g3 O-O 5. Bg2 d6 6. Nf3 Nc6 7. O-O a6 8. d5 Na5
9. Qd3 c5 10. e4 Bg4 11. Nh4 Qb6 12. h3 Bd7 13. Bd2 Qc7 14. b3 b5 15. Rab1 Rab8
16. Ne2 bxc4 17. bxc4 Nxc4 18. Qxc4 Bb5 19. Rxb5 axb5 20. Qc2 b4 21. Rb1 Qa7 22.
Nc1 Rfc8 23. Bf1 c4 24. Bxb4 Qd4 25. Bg2 c3 26. a3 Nd7 27. Nb3 Qa7 28. Nf3 Nb6
29. Na5 Nc4 30. Nxc4 Rxc4 31. Bf1 Rc7 32. Bd3 Qa8 33. Qb3 Kh8 34. Bc2 Rf8 35.
Re1 Qc8 36. Kg2 Rd8 37. Re3 e6 38. dxe6 fxe6 39. Ng5 d5 40. exd5 exd5 41. Ne6 d4
42. Nxd8 dxe3 43. Nf7+ Rxf7 44. Qxf7 exf2 45. Qxf2 1-0

[Event "Moscow Open F Women"]
[Site "Moscow RUS"]
[Date "2011.01.30"]
[Round "2.11"]
[White "Zizlova, Sofia"]
[Black "Nemcova, Katerina"]
[Result "0-1"]
[BlackTitle "WGM"]
[WhiteElo "2085"]
[BlackElo "2289"]
[WhiteFideId "4123476"]
[BlackFideId "322750"]
[EventDate "2011.01.29"]

1. e4 c5 2. Nf3 e6 3. d4 cxd4 4. Nxd4 Nf6 5. Bd3 Nc6 6. Nxc6 bxc6 7. O-O d5 8.
Nd2 Bd6 9. c4 Qc7 10. h3 O-O 11. Qc2 dxe4 12. Nxe4 Nxe4 13. Bxe4 f5 14. Bf3 e5
15. c5 Be7 16. b4 Be6 17. Bb2 Rad8 18. Rfe1 Bf6 19. Rad1 e4 20. Rxd8 Bxd8 21.
Be2 Qf7 22. a4 Kh8 23. Be5 Bd5 24. Qc3 Bf6 25. Bxf6 gxf6 26. b5 f4 27. Bf1 Rg8
28. b6 axb6 29. cxb6 e3 30. fxe3 Bxg2 31. Bxg2 f3 32. Qxc6 Rxg2+ 33. Kf1 Rg1+
34. Kf2 Qa2+ 35. Kxf3 Qg2+ 36. Kf4 Qxc6 37. Rxg1 Qxb6 38. Rg4 h5 39. Rh4 Qb4+
40. Kg3 Qe1+ 0-1

[Event "Moscow Open F Women"]
[Site "Moscow RUS"]
[Date "2011.01.30"]
[Round "2.12"]
[White "Markelova, Lubov"]
[Black "Mirzoeva, Elmira"]
[Result "0-1"]
[BlackTitle "WGM"]
[WhiteElo "2076"]
[BlackElo "2216"]
[WhiteFideId "24131369"]
[BlackFideId "4127951"]
[EventDate "2011.01.29"]

1. Nf3 d5 2. d4 Nf6 3. c4 c6 4. Nc3 dxc4 5. a4 Bf5 6. Ne5 Nbd7 7. Nxc4 Qc7 8.
Qd2 Nb6 9. Ne5 e6 10. a5 Nbd5 11. f3 Bb4 12. a6 O-O 13. e3 c5 14. Bc4 cxd4 15.
exd4 b5 16. g4 Bg6 17. g5 bxc4 18. gxf6 Nxf6 19. Qe2 Rfd8 20. Nxg6 hxg6 21. Qe5
Qc6 22. Ke2 Rab8 23. Rd1 Nd5 24. Ne4 c3 0-1

[Event "Moscow Open F Women"]
[Site "Moscow RUS"]
[Date "2011.01.30"]
[Round "2.14"]
[White "Nakhbayeva, Guliskhan"]
[Black "Maslova, Elena"]
[Result "1-0"]
[WhiteTitle "WIM"]
[WhiteElo "2209"]
[BlackElo "2065"]
[WhiteFideId "13704788"]
[BlackFideId "24102385"]
[EventDate "2011.01.29"]

1. d4 d5 2. c4 Bf5 3. Nc3 e6 4. cxd5 exd5 5. Qb3 Nc6 6. Nf3 Nb4 7. e4 dxe4 8.
Ng5 Bg6 9. Be3 Nf6 10. Bc4 Nd3+ 11. Kf1 Qe7 12. Qxb7 Rd8 13. Bb5+ Nd7 14. Nd5
Qd6 15. Nxc7+ Ke7 16. Nxe4 1-0

[Event "Moscow Open F Women"]
[Site "Moscow RUS"]
[Date "2011.01.30"]
[Round "2.15"]
[White "Frolova, Ekaterina"]
[Black "Shaydullina, Sandugach"]
[Result "1-0"]
[BlackTitle "WGM"]
[WhiteElo "2067"]
[BlackElo "2207"]
[WhiteFideId "4159420"]
[BlackFideId "4140389"]
[EventDate "2011.01.29"]

1. e4 c5 2. Nf3 Nc6 3. d4 cxd4 4. Nxd4 Nf6 5. Nc3 d6 6. Bg5 Bd7 7. Qd2 h6 8.
Bxf6 gxf6 9. O-O-O Nxd4 10. Qxd4 Qa5 11. f4 Rc8 12. Kb1 Qc5 13. Qd3 e6 14. Be2
h5 15. Rhf1 h4 16. f5 Qe5 17. Bg4 b5 18. Rde1 Bh6 19. Nd5 Bg5 20. Bh3 Rc4 21. c3
O-O 22. g3 hxg3 23. hxg3 Re8 24. fxe6 fxe6 25. Nf4 Bc6 26. Bg2 Kg7 27. Qe2 Rh8
28. Qg4 Bd7 29. Nd3 Qd5 30. Nf4 Qe5 31. Nd3 Qd5 32. Nf4 Qe5 33. Rh1 Rxh1 34.
Rxh1 Bc6 35. Nxe6+ Kg8 36. Rh8+ Kf7 37. Qh5+ Ke7 38. Qh7+ Kxe6 39. Bh3+ f5 40.
Bxf5+ Qxf5 41. Qxf5+ Ke7 42. Rh7+ Ke8 43. Qf7+ Kd8 44. Rh8+ Be8 45. Rxe8# 1-0

[Event "Moscow Open F Women"]
[Site "Moscow RUS"]
[Date "2011.01.30"]
[Round "2.19"]
[White "Bezgodova, Maria"]
[Black "Tereshechkina, Maya"]
[Result "1-0"]
[WhiteTitle "WFM"]
[WhiteElo "2190"]
[BlackElo "2026"]
[WhiteFideId "24111260"]
[BlackFideId "4194578"]
[EventDate "2011.01.29"]

1. e4 c5 2. Nf3 e6 3. d4 cxd4 4. Nxd4 Nf6 5. Nc3 d6 6. Be2 Be7 7. O-O O-O 8. f4
a6 9. Kh1 Nc6 10. Be3 Bd7 11. Qe1 Qc7 12. Qg3 Rfe8 13. Rae1 d5 14. e5 Nxd4 15.
Bxd4 Ne4 16. Nxe4 dxe4 17. Bg4 Bb5 18. Rf2 Bc6 19. f5 exf5 20. Bxf5 Qd8 21. Qh3
g6 22. c3 Bh4 23. e6 Bd5 24. Bxg6 fxg6 25. Rf7 Re7 26. Qxh4 Rxf7 27. exf7+ Bxf7
28. Qh6 Qf8 29. Qf4 h5 30. Qf6 Qh6 31. Rxe4 Re8 32. Rxe8+ Bxe8 33. Qe6+ Bf7 34.
Qc8+ Qf8 35. Qxb7 Bxa2 36. Qxa6 Qf7 37. Qa8+ 1-0

[Event "Moscow Open F Women"]
[Site "Moscow RUS"]
[Date "2011.01.30"]
[Round "2.20"]
[White "Severina, Maria"]
[Black "Petrukhina, Irina"]
[Result "1-0"]
[BlackTitle "WFM"]
[WhiteElo "2032"]
[BlackElo "2190"]
[WhiteFideId "4116909"]
[BlackFideId "4132432"]
[EventDate "2011.01.29"]

1. d4 d5 2. c4 c6 3. Nf3 Nf6 4. Nc3 e6 5. Bg5 dxc4 6. e4 b5 7. e5 h6 8. Bh4 g5
9. Nxg5 hxg5 10. Bxg5 Nbd7 11. exf6 Bb7 12. a4 a6 13. Be2 Qc7 14. Bh5 c5 15. Bf3
cxd4 16. Bxb7 Qxb7 17. Qxd4 Nc5 18. O-O Nb3 19. Qe3 Nxa1 20. Rxa1 Bd6 21. h4 Kd7
22. Rd1 Kc7 23. Ne4 Bb4 24. Bf4+ Kc8 25. Nd6+ Bxd6 26. Rxd6 Rh5 27. Qg3 Rh8 28.
Qg5 Re8 29. h5 e5 30. Be3 Qc7 31. Qg4+ Re6 32. Rxe6 fxe6 33. Qf3 Qb7 34. f7 Qxf3
35. gxf3 Kd7 36. Bc5 a5 37. axb5 1-0

[Event "Moscow Open F Women"]
[Site "Moscow RUS"]
[Date "2011.01.30"]
[Round "2.21"]
[White "Travkina, Anastasia"]
[Black "Smirnova, Ekaterina"]
[Result "1/2-1/2"]
[WhiteTitle "WFM"]
[WhiteElo "2189"]
[BlackElo "2018"]
[WhiteFideId "24129151"]
[BlackFideId "4110943"]
[EventDate "2011.01.29"]

1. e4 c5 2. c3 d5 3. exd5 Qxd5 4. d4 cxd4 5. cxd4 Nc6 6. Be3 e5 7. Nc3 Bb4 8.
Nf3 e4 9. Ne5 Bxc3+ 10. bxc3 Nxe5 11. dxe5 Ne7 12. Qxd5 Nxd5 13. Bb5+ Bd7 14.
Bxd7+ Kxd7 15. Bd4 Rac8 16. Kd2 Ke6 17. Kc2 Rc4 18. Kb3 Rhc8 19. Rac1 a5 20. a4
Nf4 21. Rc2 Nd3 22. Re2 Kd5 23. Rd2 Ke6 24. f3 R4c6 25. fxe4 Nxe5 26. Rf1 f6 27.
Bxe5 Kxe5 28. Rf3 Ke6 29. Rd5 Rc4 30. Rxa5 Rxe4 31. Rg3 g6 32. Rb5 Rc7 33. Rb6+
Kf7 34. h3 f5 35. Rf3 Ke7 36. Rb4 Re1 37. Rd4 Rd7 38. Rb4 Re2 39. g4 fxg4 40.
hxg4 Re5 41. Rb6 Rg5 42. Re3+ Kd8 43. Re4 h5 44. gxh5 gxh5 45. Rh6 Kc7 46. Rc4+
Kb8 47. Rh8+ Ka7 48. Rh4 Rdd5 49. Rh7 Rg4 50. R7xh5 Rxh5 51. Rxh5 Rg1 52. Rb5
Rh1 53. Kb4 Rb1+ 54. Kc5 Rh1 55. c4 Rh5+ 56. Kb4 Rh4 57. Rd5 Kb6 58. Re5 Rh1 59.
a5+ Ka7 60. Rb5 Rd1 61. Rd5 Rb1+ 62. Kc5 Rh1 63. Kd6 Rh6+ 64. Kc5 Rh1 65. Re5
Rh6 66. Kb5 Rg6 67. Re7 Rc6 68. c5 Rh6 69. Rc7 Rg6 70. c6 Rxc6 1/2-1/2

[Event "Moscow Open F Women"]
[Site "Moscow RUS"]
[Date "2011.01.30"]
[Round "2.23"]
[White "Shulakova, Svetlana"]
[Black "Makarenko, Alexandra"]
[Result "1/2-1/2"]
[WhiteTitle "WFM"]
[WhiteElo "2180"]
[BlackElo "1931"]
[WhiteFideId "4142691"]
[BlackFideId "4165055"]
[EventDate "2011.01.29"]

1. d4 Nf6 2. c4 g6 3. Nc3 Bg7 4. e4 d6 5. Be2 O-O 6. Bg5 Na6 7. h4 c5 8. d5 Nc7
9. Qd2 e6 10. h5 exd5 11. exd5 a6 12. a4 Rb8 13. Kf1 Bd7 14. Qf4 Nce8 15. h6 Bh8
16. Ne4 Bf5 17. Ng3 Bd7 18. Ne4 Bf5 19. Ng3 Bd7 20. Ne4 Bf5 1/2-1/2

[Event "Moscow Open F Women"]
[Site "Moscow RUS"]
[Date "2011.01.30"]
[Round "2.24"]
[White "Budueva, Kristina"]
[Black "Suslova, Alena"]
[Result "0-1"]
[BlackTitle "WFM"]
[WhiteElo "1889"]
[BlackElo "2180"]
[WhiteFideId "24152749"]
[BlackFideId "24111643"]
[EventDate "2011.01.29"]

1. e4 d5 2. exd5 Nf6 3. d4 Nxd5 4. Nf3 g6 5. Be2 Bg7 6. O-O O-O 7. c4 Nb6 8. Nc3
Nc6 9. d5 Ne5 10. Nxe5 Bxe5 11. Bh6 Re8 12. Qb3 e6 13. Be3 exd5 14. cxd5 Bxc3
15. bxc3 Qxd5 16. c4 Qe5 17. Rfe1 Be6 18. Bf1 c5 19. Rad1 Bd7 20. Bd4 Qc7 21.
Bb2 f6 22. Qf3 Rf8 23. Bd3 Ba4 24. Rd2 Bc6 25. Qh3 Qf7 26. Rde2 Rae8 27. Rxe8
Rxe8 28. Rxe8+ Bxe8 29. Qh4 Kg7 30. Qf4 Qe7 31. h4 Na4 32. Bc1 Qe1+ 33. Kh2 Qe5
34. Qxe5 fxe5 35. Ba3 Kf6 36. Bc2 b6 37. Kg3 Nc3 38. Bb3 Bc6 39. f3 Ne2+ 40. Kf2
Nd4 41. Bb2 Ke6 42. Bd1 Bb7 43. g4 a6 44. a4 Bc6 45. Ke3 Kd6 46. f4 a5 47. fxe5+
Kxe5 48. Bc3 Be4 49. Bb3 Bg2 50. Bb2 h6 51. g5 hxg5 52. hxg5 Bf1 53. Bc2 Bxc4
54. Bxg6 Be6 55. Be8 Kd5 56. g6 Nf5+ 57. Kd2 Nd6 58. Bb5 Nxb5 59. axb5 Kc4 60.
Be5 Kxb5 61. Kc3 Kc6 62. g7 b5 63. Kb2 b4 64. Bf6 Bg8 65. Bd8 a4 66. Bf6 Kb5 67.
Be7 a3+ 68. Ka1 c4 69. Bf6 Ka4 70. Ka2 b3+ 71. Kb1 Bh7+ 72. Kc1 b2+ 0-1

[Event "Moscow Open F Women"]
[Site "Moscow RUS"]
[Date "2011.01.30"]
[Round "2.25"]
[White "Eryshkanova, Anastasiya"]
[Black "Egorova, Ayyyna"]
[Result "0-1"]
[WhiteTitle "WFM"]
[BlackTitle "WCM"]
[WhiteElo "2168"]
[BlackElo "1847"]
[WhiteFideId "24119059"]
[BlackFideId "24136611"]
[EventDate "2011.01.29"]

1. e4 c5 2. Nf3 d6 3. d4 cxd4 4. Nxd4 Nf6 5. Nc3 g6 6. f3 Bg7 7. Be3 O-O 8. Qd2
Nc6 9. Bc4 Bd7 10. O-O-O Rb8 11. h4 b5 12. Ncxb5 Na5 13. Be2 e5 14. Nxd6 exd4
15. Bxd4 Be6 16. Qc3 Qxd6 17. Bxf6 Qf4+ 18. Rd2 Bxf6 19. Qxa5 Bxb2+ 20. Kd1 Bc3 0-1

[Event "Moscow Open F Women"]
[Site "Moscow RUS"]
[Date "2011.01.30"]
[Round "2.28"]
[White "Mestnikova, Tuyara"]
[Black "Levushkina, Elena"]
[Result "1-0"]
[BlackTitle "WGM"]
[WhiteElo "1852"]
[BlackElo "2318"]
[WhiteFideId "4127358"]
[BlackFideId "14200686"]
[EventDate "2011.01.29"]

1. d4 g6 2. c4 Nf6 3. Nc3 Bg7 4. e4 d6 5. Be2 O-O 6. Be3 e5 7. d5 a5 8. h4 Na6
9. h5 Nc5 10. Bxc5 dxc5 11. Qd3 Qe7 12. Qg3 Ra6 13. hxg6 fxg6 14. Nf3 Nh5 15.
Qh2 h6 16. O-O-O Qf6 17. Rdg1 Bg4 18. Qh4 Qf4+ 19. Kc2 g5 20. g3 gxh4 21. gxf4
Rxf4 22. Nxh4 Bxe2 23. Nxe2 Rxf2 24. Kd3 Rf7 25. Nf5 Nf4+ 26. Nxf4 exf4 27. d6
Rxf5 28. exf5 Rxd6+ 29. Ke4 Rd4+ 30. Kf3 Kf7 31. b3 a4 32. Rd1 axb3 33. Rxd4
Bxd4 34. axb3 Be5 35. Rxh6 Bd6 36. Rxd6 cxd6 37. Kxf4 Kf6 38. Ke4 b6 39. Kd5
Kxf5 40. Kxd6 1-0

[Event "Moscow Open F Women"]
[Site "Moscow RUS"]
[Date "2011.01.30"]
[Round "2.29"]
[White "Doluhanova, Evgeniya"]
[Black "Chadaeva, Tatiana"]
[Result "1-0"]
[WhiteTitle "WGM"]
[WhiteElo "2267"]
[BlackElo "1835"]
[WhiteFideId "14112035"]
[BlackFideId "24152757"]
[EventDate "2011.01.29"]

1. e4 e5 2. Nf3 Nc6 3. d4 exd4 4. Nxd4 Bc5 5. Be3 Qf6 6. c3 Nge7 7. Nc2 Bxe3 8.
Nxe3 Ne5 9. Be2 d6 10. O-O N7g6 11. Nd5 Qd8 12. f4 Nc6 13. Nd2 Nce7 14. f5 Ne5
15. Ne3 f6 16. Qb3 Nf7 17. Bh5 O-O 18. Rf3 Nc6 19. Rg3 Ne5 20. Nf3 Kh8 21. Rd1
b6 22. Nd5 Bb7 23. Nd4 Qd7 24. Ne6 Rg8 25. Ndxc7 Rac8 26. Nd5 Nd8 27. Nef4 Nef7
28. Rdd3 Ng5 29. Rh3 Nxh3+ 30. Rxh3 Bxd5 31. Ng6+ 1-0

[Event "Moscow Open F Women"]
[Site "Moscow RUS"]
[Date "2011.01.30"]
[Round "2.30"]
[White "Sysoykina, Lidia"]
[Black "Gvanceladze, Anna"]
[Result "0-1"]
[BlackTitle "WFM"]
[WhiteElo "1943"]
[BlackElo "2163"]
[WhiteFideId "4165080"]
[BlackFideId "4113721"]
[EventDate "2011.01.29"]

1. e4 c6 2. d4 d5 3. exd5 cxd5 4. c4 Nf6 5. Nc3 e6 6. Nf3 Be7 7. Bd3 dxc4 8.
Bxc4 O-O 9. O-O Nc6 10. a3 b6 11. d5 exd5 12. Nxd5 Nxd5 13. Qxd5 Bb7 14. Qh5 g6
15. Qg4 Bf6 16. Bg5 Bxg5 17. Nxg5 Ne5 18. Qh4 h5 19. Ba2 Rc8 20. Qg3 Qf6 21. Nh3
h4 22. Qf4 Qxf4 23. Nxf4 Kg7 24. Rfe1 Rfe8 25. Re3 g5 26. Nd3 Ng6 27. Rae1 Rxe3
28. Rxe3 Nf4 29. f3 Ba6 30. Ne1 Kf6 31. Kf2 Rd8 32. g3 Rd2+ 33. Kg1 hxg3 34.
hxg3 Ne2+ 35. Kh1 Nxg3+ 36. Kg1 Ne2+ 37. Kh1 Rd1 0-1

[Event "Moscow Open F Women"]
[Site "Moscow RUS"]
[Date "2011.01.30"]
[Round "2.31"]
[White "Schepetkova, Margarita"]
[Black "Dordzhieva, Dinara"]
[Result "0-1"]
[BlackTitle "WCM"]
[WhiteElo "2148"]
[BlackElo "1929"]
[WhiteFideId "4189949"]
[BlackFideId "24157570"]
[EventDate "2011.01.29"]

1. e4 c5 2. Nf3 d6 3. d4 cxd4 4. Nxd4 Nf6 5. Nc3 g6 6. Be3 Bg7 7. f3 a6 8. Qd2
h5 9. O-O-O Nbd7 10. Bg5 b5 11. Nc6 Qc7 12. Nxe7 Bb7 13. Ned5 Nxd5 14. Nxd5 Bxd5
15. exd5 O-O 16. Bh6 Bxh6 17. Qxh6 Rac8 18. Qd2 Qc5 19. Kb1 Nf6 20. c3 Rfe8 21.
g3 Re5 22. Bh3 Rce8 23. Qd4 Qxd4 24. Rxd4 Re2 25. a4 bxa4 26. Bf1 Re1+ 27. Ka2
Rc1 28. Bg2 Rc2 29. Bh3 Ree2 30. Rb1 Rxh2 31. Bc8 Rxc3 32. Bb7 Rxf3 33. Rxa4
Rxg3 34. Rf1 Kg7 35. Bxa6 Nxd5 36. Ka1 h4 37. Bc4 Nf6 38. Bxf7 Kxf7 39. Raf4 h3
40. Rxf6+ Kg7 41. Rxd6 Rhg2 42. Rd7+ Kh6 43. Rf8 h2 44. Rh8+ Kg5 45. Rdh7 Rb3
46. Rxh2 Rbxb2 47. R2h7 Rbe2 48. Rh1 Kg4 49. R8h4+ Kg3 50. Rb4 g5 51. Kb1 g4 52.
Kc1 Ra2 53. Rb1 Rh2 54. Rg1+ Kf2 55. Rd1 g3 56. Rb8 Ra1+ 0-1

[Event "Moscow Open F Women"]
[Site "Moscow RUS"]
[Date "2011.01.30"]
[Round "2.33"]
[White "Avdeyeva, Viktoriya"]
[Black "Mokshanova, Elizaveta"]
[Result "1-0"]
[WhiteElo "2020"]
[BlackElo "1711"]
[WhiteFideId "13403389"]
[BlackFideId "24160679"]
[EventDate "2011.01.29"]

1. e4 c5 2. d4 cxd4 3. c3 Nf6 4. e5 Nd5 5. Bc4 Qc7 6. Qe2 Nb6 7. Bb3 d5 8. Bf4
Nc6 9. Na3 a6 10. Rc1 dxc3 11. Rxc3 e6 12. Nc2 Nd7 13. Nh3 d4 14. Rg3 Qa5+ 15.
Bd2 Qxe5 16. Qxe5 Ndxe5 17. f4 Ng6 18. O-O Bd6 19. Ng5 O-O 20. Rh3 h6 21. Ne4
Bc7 22. g4 b6 23. f5 exf5 24. gxf5 Nge5 25. Rg3 Kh7 26. f6 Ng4 27. fxg7 Rg8 28.
Rxg4 Bxg4 29. Nf6+ Kxg7 30. Nxg8 Kxg8 31. Rxf7 Ne5 32. Rxc7+ Kh8 33. Nxd4 Rd8
34. Bc3 1-0

[Event "Moscow Open F Women"]
[Site "Moscow RUS"]
[Date "2011.01.30"]
[Round "2.34"]
[White "Frantsuzova, Lyudmila"]
[Black "Romanko, Marina"]
[Result "0-1"]
[BlackTitle "IM"]
[WhiteElo "1839"]
[BlackElo "2404"]
[WhiteFideId "4171918"]
[BlackFideId "4149351"]
[EventDate "2011.01.29"]

1. d4 d5 2. Nf3 Nf6 3. c3 c6 4. Bg5 Bf5 5. e3 e6 6. Ne5 Be7 7. Nd2 O-O 8. g4 Be4
9. Nxe4 Nxe4 10. Bxe7 Qxe7 11. h4 Nd7 12. Bd3 f5 13. g5 Nxe5 14. dxe5 Qc7 15. f4
Qb6 16. Qc1 Rad8 17. a4 a5 18. Rg1 c5 19. Bb5 d4 20. c4 dxe3 21. Ke2 Rd2+ 22.
Kxe3 Qd8 23. Ra3 Qd4+ 24. Kf3 Rf2# 0-1

[Event "Moscow Open F Women"]
[Site "Moscow RUS"]
[Date "2011.01.30"]
[Round "2.35"]
[White "Daulyte, Deimante"]
[Black "Zasypkina, Evgenia"]
[Result "1-0"]
[WhiteTitle "WGM"]
[WhiteElo "2293"]
[BlackElo "1855"]
[WhiteFideId "12802859"]
[BlackFideId "24102784"]
[EventDate "2011.01.29"]

1. e4 c5 2. Nf3 d6 3. d4 cxd4 4. Nxd4 Nf6 5. Nc3 Nc6 6. Bc4 Qb6 7. Nb3 e6 8. O-O
Be7 9. Be3 Qc7 10. Be2 O-O 11. f4 Rd8 12. Qe1 b6 13. Rd1 Bb7 14. a3 Rac8 15. Bf3
Nd7 16. Qg3 Nf8 17. Rf2 Bf6 18. Nb5 Qe7 19. Rfd2 e5 20. Nxd6 Rb8 21. Nxb7 Rxd2
22. Rxd2 Rxb7 23. f5 a5 24. Qf2 Nd7 25. Rd5 Bg5 26. c3 h6 27. a4 Bxe3 28. Qxe3
Nf6 29. Rd1 Qc7 30. Be2 Rb8 31. Nd2 Ne7 32. Nc4 Nd7 33. Nd6 f6 34. b4 axb4 35.
cxb4 Ra8 36. Qb3+ Kh7 37. Bh5 Qa7 38. Bg6+ Nxg6 39. fxg6+ Kxg6 40. Qf7+ Kh7 41.
Ne8 1-0

[Event "Moscow Open F Women"]
[Site "Moscow RUS"]
[Date "2011.01.30"]
[Round "2.37"]
[White "Sazonova, Elena N."]
[Black "Shmyreva, Tatiana"]
[Result "1-0"]
[WhiteTitle "WIM"]
[WhiteElo "2162"]
[BlackElo "1806"]
[WhiteFideId "4109767"]
[BlackFideId "24152803"]
[EventDate "2011.01.29"]

1. e4 c5 2. c3 d6 3. d4 Nc6 4. Nf3 cxd4 5. cxd4 e6 6. Nc3 Nge7 7. d5 exd5 8.
exd5 Ne5 9. Nd4 N7g6 10. Bb5+ Bd7 11. f4 Bxb5 12. fxe5 Ba6 13. e6 fxe6 14. Nxe6
Qd7 15. Qh5 Qf7 16. Be3 b6 17. O-O-O Rc8 18. Rd2 Ne5 19. Qh4 Be7 20. Qa4+ Nd7
21. Qxa6 Rb8 22. Nb5 Bf6 23. Nxd6+ 1-0

[Event "Moscow Open F Women"]
[Site "Moscow RUS"]
[Date "2011.01.30"]
[Round "2.38"]
[White "Matsenko, Elena"]
[Black "Vasiukova, Ekaterina"]
[Result "1-0"]
[WhiteTitle "WFM"]
[WhiteElo "2039"]
[BlackElo "1746"]
[WhiteFideId "4172892"]
[BlackFideId "24114626"]
[EventDate "2011.01.29"]

1. e4 c6 2. d4 d5 3. exd5 cxd5 4. c4 Nf6 5. Nc3 Nc6 6. Nf3 e6 7. c5 b6 8. Bb5
Bd7 9. Bxc6 Bxc6 10. Ne5 Rc8 11. b4 bxc5 12. bxc5 Be7 13. O-O O-O 14. Be3 Nd7
15. Nxc6 Rxc6 16. Qa4 Qa8 17. Rab1 Rc7 18. Rfd1 Rfc8 19. h3 h6 20. Rb2 g5 21.
Rdb1 Qc6 22. Qd1 Kg7 23. Qf3 Qa6 24. h4 Qd3 25. Nb5 Rb7 26. Nd6 Qxb1+ 27. Rxb1
Rxb1+ 28. Kh2 Bxd6+ 29. cxd6 Rh8 30. Qe2 Rb6 31. Qc2 Rhb8 32. hxg5 hxg5 33. Bxg5
Rb2 34. Qc7 R8b7 35. Qc8 R2b6 36. a4 Rb3 37. g3 Rb2 38. Kg2 Nb8 39. a5 Rd7 40.
Be7 Rbb7 41. Qf8+ Kg6 42. Qg8+ Kh6 43. Qxf7 Na6 44. Qxe6+ Kh7 45. Qf7+ Kh6 46.
Bf8+ Kg5 47. f4+ Kg4 48. Qg6# 1-0

[Event "Moscow Open F Women"]
[Site "Moscow RUS"]
[Date "2011.01.30"]
[Round "2.39"]
[White "Styazhkina, Anna"]
[Black "Sigua, Irina"]
[Result "1-0"]
[WhiteTitle "WFM"]
[WhiteElo "1999"]
[BlackElo "1731"]
[WhiteFideId "24119300"]
[BlackFideId "24158976"]
[EventDate "2011.01.29"]

1. e4 e6 2. d4 d5 3. e5 c5 4. c3 Nc6 5. Nf3 Qb6 6. a3 a5 7. Bd3 Bd7 8. O-O Nh6
9. Bc2 cxd4 10. cxd4 Nf5 11. Bxf5 exf5 12. Nc3 Be6 13. Qe2 Be7 14. Rd1 O-O 15.
Bf4 h6 16. h4 Qd8 17. h5 Bg5 18. Qe3 Be7 19. Rac1 Qb6 20. Qe2 Qa6 21. Qd2 Kh7
22. Ne2 Rfc8 23. Rc3 b5 24. Ne1 b4 25. Rg3 Bh4 26. Rh3 Bg5 27. Nd3 bxa3 28. Nc5
Qb5 29. Bxg5 hxg5 30. bxa3 Nxd4 31. Nxd4 Qxc5 32. Nxe6 fxe6 33. Qxg5 Qc2 34.
Qg6+ Kh8 35. Rf1 Rc3 36. h6 1-0

[Event "Moscow Open F Women"]
[Site "Moscow RUS"]
[Date "2011.01.30"]
[Round "2.41"]
[White "Trapeznikova, Darya"]
[Black "Burmistrova, Alena"]
[Result "1-0"]
[WhiteElo "1991"]
[BlackElo "1720"]
[WhiteFideId "24121118"]
[BlackFideId "24160415"]
[EventDate "2011.01.29"]

1. d4 f5 2. c4 Nf6 3. Nc3 g6 4. h4 Bg7 5. h5 Nxh5 6. e4 Nf6 7. exf5 gxf5 8. Bd3
e6 9. Bg5 Nc6 10. Nf3 b6 11. Qe2 Qe7 12. O-O-O d6 13. Rde1 Bd7 14. d5 Ne5 15.
Nxe5 dxe5 16. dxe6 Bxe6 17. Qxe5 Ne4 18. Bxe7 Bxe5 19. Nxe4 Kxe7 20. Nd2 Kd6 21.
Rh6 Raf8 22. c5+ Kd5 23. Bc4+ Kd4 24. Rh4+ f4 25. Re4+ 1-0